| 000 | 01027nam a2200241 i 4500 | ||
|---|---|---|---|
| 001 | 103773 | ||
| 003 | ES-MaACL | ||
| 005 | 20250902103430.0 | ||
| 007 | t| | ||
| 008 | 051118s1918 sp ||||1| spa d | ||
| 100 | 1 |
_aMerino Alvarez, Abelardo. _980534 |
|
| 245 | 1 | 3 |
_aEl regionalismo peninsular _b: la antropología y la etnografía / _cAbelardo Merino Alvarez. |
| 260 |
_aMadrid : _b[s.n.], _c1918 ( _fImp. del Patronato de Huérfanos de Intendencia é Intervención Militares) |
||
| 300 |
_a72 p. ; _c23 cm. |
||
| 490 | 1 | _aPublicaciones del Boletín de la Real Sociedad Geográfica | |
| 650 | 0 | 0 |
_aRegionalismo- _zEspaña. _916748 |
| 650 | 4 |
_aAntropología cultural y social- _zEspaña _99873 |
|
| 710 | 2 |
_aPatronato de Huérfanos de Intendencia e Intervención Militares. _96172 |
|
| 710 | 2 |
_aReal Sociedad Geográfica _96403 |
|
| 830 | 1 |
_aPublicaciones del Boletín de la Real Sociedad Geográfica _9184622 |
|
| 852 |
_aES-MaACL _j1565-F-18 _z- Dedicatoria autógrafa del autor |
||
| 999 |
_c103773 _d103773 |
||